[Event "GER-chT U20"]
[Site "Chemnitz"]
[Date "2009.12.29"]
[Round "5.3"]
[White "Penne, Bo"]
[Black "Wolff, Christoph1111"]
[Result "0-1"]
[WhiteElo "1990"]
[BlackElo "1812"]
[PlyCount "72"]
[EventDate "2009.12.27"]
[EventType "team-swiss"]
[EventRounds "7"]
[EventCountry "GER"]
[SourceTitle "EXT 2022"]
[Source "ChessBase"]
[SourceDate "2021.10.06"]
[SourceVersion "1"]
[SourceVersionDate "2021.10.06"]
[SourceQuality "1"]
[WhiteTeam "Potsdam USV U20"]
[BlackTeam "Stadtilm Blau Weiss U20"]
[WhiteTeamCountry "GER"]
[BlackTeamCountry "GER"]

1. e4 e5 2. Nf3 Nf6 3. Nc3 Bb4 4. d3 Nc6 5. Bd2 0-0 6. Be2 d5 7. exd5 Nxd5 8. Nxd5 Bxd2+ 9. Nxd2 Qxd5 10. Bf3 Qe6 11. c3 Rd8 12. Qc2 Qd6 13. Be2 Qg6 14. g3 b6 15. 0-0-0 Ba6 16. Nf3 Rd6 17. Qa4 Bb7 18. Rhe1 Rad8 19. h4 a6 20. Ng5 b5 21. Qb3 Na7 22. Qb4 Nc6 23. Qc5 Rd5 24. Qe3 b4 25. Ne4 bxc3 26. bxc3 Rb5 27. Nc5 Qd6 28. d4 exd4 29. cxd4 Rb6 30. Nxb7 Rxb7 31. Bxa6 Rbb8 32. Bc4 Nxd4 33. Qc3 Qb6 34. Bd3 Rd6 35. Be4 f5 36. Bxf5 Rc6 0-1

[Event "BL2 Ost 0910 (Women)"]
[Site "Germany"]
[Date "2009.11.08"]
[Round "2.3"]
[White "Penne, Bo"]
[Black "Kosovska, Olena"]
[Result "0-1"]
[WhiteElo "1990"]
[BlackElo "1850"]
[PlyCount "44"]
[EventDate "2009.11.07"]
[EventType "team-tourn"]
[EventRounds "7"]
[EventCountry "GER"]
[SourceTitle "CBM 133 Extra"]
[Source "ChessBase"]
[SourceDate "2010.01.05"]
[SourceVersion "1"]
[SourceVersionDate "2010.01.05"]
[SourceQuality "1"]
[WhiteTeam "Potsdam (W)"]
[BlackTeam "Dresden Gruen Weiss (W)"]
[WhiteTeamCountry "GER"]
[BlackTeamCountry "GER"]

1. e4 c5 2. Nf3 Nc6 3. d4 cxd4 4. Nxd4 e5 5. Nb5 a6 6. Nd6+ Bxd6 7. Qxd6 Qf6 8. Qd3 Qg6 9. Be3 Nf6 10. Nd2 0-0 11. f3 Rd8 12. Bb6 Re8 13. c4 Nh5 14. Qc3 d6 15. Nb3 Qg5 16. Rd1 f5 17. c5 fxe4 18. cxd6 Nd4 19. Bc4+ Kh8 20. Qd2 e3 21. Qc3 Qxg2 22. Rf1 Nc2+ 0-1

[Event "BL2 Ost 0809 (Women)"]
[Site "Germany"]
[Date "2008.11.09"]
[Round "2.3"]
[White "Penne, Bo"]
[Black "Goering, Carsta"]
[Result "1-0"]
[WhiteElo "1943"]
[BlackElo "1713"]
[PlyCount "67"]
[EventDate "2008.11.08"]
[EventType "team-tourn"]
[EventRounds "7"]
[EventCountry "GER"]
[SourceTitle "EXT 2010"]
[Source "ChessBase"]
[SourceDate "2010.11.25"]
[SourceVersion "1"]
[SourceVersionDate "2010.11.25"]
[SourceQuality "1"]
[WhiteTeam "Potsdam (W)"]
[BlackTeam "Ruedersdorf (W)"]
[WhiteTeamCountry "GER"]
[BlackTeamCountry "GER"]

1. e4 c5 2. Nf3 e6 3. c4 a6 4. Nc3 Nc6 5. d4 cxd4 6. Nxd4 Bc5 7. Nb3 Ba7 8. Be2 Nge7 9. Bf4 e5 10. Bg5 d6 11. Qd2 0-0 12. Rd1 Nd4 13. Nxd4 exd4 14. Nd5 f6 15. Bf4 Nc6 16. 0-0 Be6 17. Bg3 Ne5 18. h3 Qd7 19. Kh2 f5 20. exf5 Bxf5 21. f4 Ng6 22. Bf2 Rae8 23. Bf3 Be4 24. Bxd4 Bxd4 25. Qxd4 Bxf3 26. Rxf3 Re2 27. Rd2 Rfe8 28. Nc3 Rxd2 29. Qxd2 Qc6 30. b3 Nh4 31. Rd3 Re6 32. Nd5 Qc5 33. Re3 Qc8 34. Ne7+ 1-0

[Event "EU-ch U16 Girls 18th"]
[Site "Herceg Novi"]
[Date "2008.09.19"]
[Round "5"]
[White "Penne, Bo"]
[Black "Veretennikova, Daria"]
[Result "0-1"]
[WhiteElo "1881"]
[BlackElo "2002"]
[PlyCount "64"]
[EventDate "2008.09.15"]
[EventType "swiss"]
[EventRounds "9"]
[EventCountry "MNE"]
[SourceTitle "CBM 126 Extra"]
[Source "ChessBase"]
[SourceDate "2008.11.05"]
[SourceVersion "1"]
[SourceVersionDate "2008.11.05"]
[SourceQuality "1"]

1. e4 d6 2. d4 Nf6 3. Nc3 e5 4. dxe5 dxe5 5. Qxd8+ Kxd8 6. Bg5 Be6 7. g3 Kc8 8. f4 Bb4 9. Bxf6 Bxc3+ 10. bxc3 gxf6 11. f5 Bd7 12. 0-0-0 Bc6 13. Re1 Nd7 14. Nh3 Nc5 15. Nf2 Kd8 16. Bg2 Ke7 17. Nd3 Na4 18. Kd2 Rad8 19. Re3 Rhg8 20. Bf3 Rd6 21. Rb1 Rgd8 22. Rb3 Nc5 23. Rb1 a6 24. Ke2 Na4 25. Kd2 b6 26. g4 Bb5 27. Be2 c5 28. Ke1 Nxc3 29. Ra1 Rd4 30. Bf3 Bxd3 31. cxd3 Rxd3 32. Rxd3 Rxd3 0-1

[Event "EU-ch U16 Girls 18th"]
[Site "Herceg Novi"]
[Date "2008.09.18"]
[Round "4"]
[White "Hohluka, Arina"]
[Black "Penne, Bo"]
[Result "0-1"]
[WhiteElo "1675"]
[BlackElo "1881"]
[PlyCount "80"]
[EventDate "2008.09.15"]
[EventType "swiss"]
[EventRounds "9"]
[EventCountry "MNE"]
[SourceTitle "CBM 126 Extra"]
[Source "ChessBase"]
[SourceDate "2008.11.05"]
[SourceVersion "1"]
[SourceVersionDate "2008.11.05"]
[SourceQuality "1"]

1. d4 d5 2. Nf3 Nf6 3. Bf4 c6 4. e3 Bg4 5. c4 Nbd7 6. Nc3 e6 7. Qb3 Bxf3 8. gxf3 Qc8 9. cxd5 Nxd5 10. Nxd5 exd5 11. e4 Nb6 12. a4 dxe4 13. fxe4 Qg4 14. Be3 Qxe4 15. Rg1 Qd5 16. Qxd5 Nxd5 17. Bd2 g6 18. 0-0-0 0-0-0 19. Bh3+ f5 20. Rge1 Bd6 21. Rh1 Rde8 22. Bg2 Re2 23. Bxd5 cxd5 24. Be3 f4 25. Bd2 Rxf2 26. Rdf1 Rxf1+ 27. Rxf1 g5 28. h4 h6 29. hxg5 hxg5 30. Kd1 Kd7 31. Rg1 Rg8 32. Ke2 Ke6 33. Kf3 Kf5 34. Rg4 Rh8 35. Rg2 Rh3+ 36. Kf2 g4 37. Rg1 Rh2+ 38. Ke1 f3 39. Rf1 Ke4 40. Bc3 g3 0-1

[Event "EU-ch U16 Girls 18th"]
[Site "Herceg Novi"]
[Date "2008.09.15"]
[Round "1"]
[White "Penne, Bo"]
[Black "Grigorian, Marine"]
[Result "0-1"]
[WhiteElo "1881"]
[BlackElo "2131"]
[PlyCount "70"]
[EventDate "2008.09.15"]
[EventType "swiss"]
[EventRounds "9"]
[EventCountry "MNE"]
[SourceTitle "CBM 126 Extra"]
[Source "ChessBase"]
[SourceDate "2008.11.05"]
[SourceVersion "1"]
[SourceVersionDate "2008.11.05"]
[SourceQuality "1"]

1. e4 d6 2. d4 Nf6 3. Nc3 e5 4. dxe5 dxe5 5. Qxd8+ Kxd8 6. Bg5 Be6 7. 0-0-0+ Nbd7 8. f4 exf4 9. e5 h6 10. Bxf6+ gxf6 11. exf6 Bc5 12. Nge2 c6 13. h3 Kc7 14. Kb1 Be3 15. Ne4 Rhg8 16. g3 Rae8 17. Bg2 fxg3 18. N2xg3 Bd5 19. Rhe1 Bxe4 20. Nxe4 Rxg2 21. Rxe3 Nxf6 22. Rg3 Rxg3 23. Nxg3 Re3 24. Rg1 Kd7 25. Kc1 Ke6 26. h4 Ke5 27. Kd1 Ne4 28. Ne2 Rh3 29. c3 Rxh4 30. Rg8 Nd6 31. Kd2 f5 32. b3 h5 33. Rh8 Rh1 34. Kd3 Rh3+ 35. Kd2 f4 0-1

[Event "GER-ch U16 Girls"]
[Site "Willingen"]
[Date "2007.05.30"]
[Round "7"]
[White "Voss, Janine"]
[Black "Penne, Bo"]
[Result "1-0"]
[WhiteElo "1734"]
[BlackElo "1852"]
[PlyCount "81"]
[EventDate "2007.05.26"]
[EventType "swiss"]
[EventRounds "9"]
[EventCountry "GER"]
[SourceTitle "CBM 118 Extra"]
[Source "ChessBase"]
[SourceDate "2007.07.04"]
[SourceVersion "1"]
[SourceVersionDate "2007.07.04"]
[SourceQuality "1"]

1. e4 c6 2. d4 d5 3. exd5 cxd5 4. c4 Nf6 5. Nc3 Nc6 6. Nf3 Bg4 7. Be2 h6 8. 0-0 e6 9. c5 Be7 10. Bf4 0-0 11. Rc1 Rc8 12. Ne5 Bxe2 13. Nxc6 Rxc6 14. Qxe2 Re8 15. b4 Nh7 16. Rb1 Bf6 17. Rfd1 Nf8 18. Nb5 Ng6 19. Bg3 a6 20. Nd6 Re7 21. a4 Rcc7 22. a5 Red7 23. b5 axb5 24. Rxb5 Be7 25. Rdb1 Bxd6 26. Bxd6 Rc8 27. Qd2 Ra8 28. h3 Ne7 29. Rxb7 Rxb7 30. Rxb7 Nf5 31. Bc7 Qc8 32. Qb2 Nxd4 33. Rb8 Rxb8 34. Qxb8 Qxb8 35. Bxb8 Nc6 36. a6 Kf8 37. a7 Nxa7 38. Bxa7 Ke7 39. Kf1 d4 40. Bb8 f6 41. Bd6+ 1-0

[Event "GER-ch U16 Girls"]
[Site "Willingen"]
[Date "2007.05.27"]
[Round "2"]
[White "Penne, Bo"]
[Black "Jussupow, Ekaterina"]
[Result "0-1"]
[WhiteElo "1852"]
[BlackElo "2003"]
[PlyCount "92"]
[EventDate "2007.05.26"]
[EventType "swiss"]
[EventRounds "9"]
[EventCountry "GER"]
[SourceTitle "CBM 118 Extra"]
[Source "ChessBase"]
[SourceDate "2007.07.04"]
[SourceVersion "1"]
[SourceVersionDate "2007.07.04"]
[SourceQuality "1"]

1. e4 e6 2. d4 d5 3. e5 c5 4. c3 Nc6 5. Nf3 Bd7 6. Be2 Nge7 7. Na3 a6 8. Nc2 Rc8 9. 0-0 Ng6 10. Be3 cxd4 11. cxd4 f6 12. exf6 gxf6 13. Qd2 Bd6 14. Rac1 Qc7 15. Rfe1 Rg8 16. Kh1 Qa5 17. Qxa5 Nxa5 18. Bd2 Nc4 19. Bxc4 Rxc4 20. Ne3 Rxc1 21. Rxc1 Kf7 22. g3 Ne7 23. Bc3 Rc8 24. Re1 Nc6 25. Kg2 Nb4 26. a3 Nc6 27. b4 Na5 28. Bb2 Nc4 29. Nxc4 dxc4 30. Bc3 Bc6 31. Re3 Bf8 32. Re2 Rd8 33. Rd2 Bh6 34. Re2 Bc1 35. Ra2 b5 36. Ra1 Bh6 37. Re1 Rd5 38. Kg1 Rd8 39. Nh4 Bf8 40. Ng2 Bd6 41. f4 Bc7 42. Ne3 Bb6 43. Nc2 Bf3 44. Kf2 Bh5 45. Ke3 Bg6 46. Re2 e5 0-1

[Event "GER-ch U14 Girls"]
[Site "Willingen"]
[Date "2006.06.09"]
[Round "9"]
[White "Hohmann, Louisa"]
[Black "Penne, Bo"]
[Result "1/2-1/2"]
[WhiteElo "1662"]
[BlackElo "1867"]
[PlyCount "51"]
[EventDate "2006.06.03"]
[EventType "swiss"]
[EventRounds "9"]
[EventCountry "GER"]
[SourceTitle "EXT 2007"]
[Source "ChessBase"]
[SourceDate "2006.11.23"]
[SourceVersion "1"]
[SourceVersionDate "2006.11.23"]
[SourceQuality "1"]

1. e4 c6 2. d4 d5 3. Nc3 dxe4 4. Nxe4 Bf5 5. Ng3 Bg6 6. Nf3 Nd7 7. h4 h6 8. h5 Bh7 9. Bd3 Bxd3 10. Qxd3 Qc7 11. Bd2 Ngf6 12. 0-0-0 0-0-0 13. Ne4 e6 14. g3 Nxe4 15. Qxe4 Nf6 16. Qe2 Bd6 17. Ne5 Kb8 18. Nc4 Nd5 19. Nxd6 Qxd6 20. c4 Nc7 21. Bc3 Rhg8 22. Rhe1 Qf8 23. Qc2 Qe7 24. Re5 Qd7 25. Ba5 Rge8 26. Bxc7+ 1/2-1/2

[Event "GER-ch U14 Girls"]
[Site "Willingen"]
[Date "2006.06.07"]
[Round "7"]
[White "Dorn, Carina"]
[Black "Penne, Bo"]
[Result "1-0"]
[WhiteElo "1588"]
[BlackElo "1867"]
[PlyCount "73"]
[EventDate "2006.06.03"]
[EventType "swiss"]
[EventRounds "9"]
[EventCountry "GER"]
[SourceTitle "EXT 2007"]
[Source "ChessBase"]
[SourceDate "2006.11.23"]
[SourceVersion "1"]
[SourceVersionDate "2006.11.23"]
[SourceQuality "1"]

1. d4 d5 2. c4 e6 3. Nc3 Nf6 4. cxd5 exd5 5. Bg5 c6 6. e3 Nbd7 7. Bd3 Qa5 8. Nge2 Bd6 9. 0-0 0-0 10. a3 Qc7 11. Bf4 Bxf4 12. Nxf4 a5 13. Rc1 Qd6 14. Nfe2 Re8 15. Qd2 Ng4 16. Ng3 Ndf6 17. h3 Nxe3 18. Rfe1 Nc4 19. Rxe8+ Nxe8 20. Qc2 g6 21. Nce4 dxe4 22. Bxc4 Qxd4 23. Rd1 Qf6 24. Nxe4 Qe7 25. Re1 Nd6 26. Qe2 Nxc4 27. Qxc4 Bd7 28. Qc3 Be6 29. Nf6+ Kf8 30. Nxh7+ Kg8 31. Nf6+ Kf8 32. Nd5 Qh4 33. Qc5+ Kg7 34. Nc7 Rc8 35. Nxe6+ fxe6 36. Rxe6 Rc7 37. Qe5+ 1-0

[Event "GER-ch U14 Girls"]
[Site "Willingen"]
[Date "2006.06.05"]
[Round "4"]
[White "Stitterich, Nadine"]
[Black "Penne, Bo"]
[Result "0-1"]
[WhiteElo "1470"]
[BlackElo "1867"]
[PlyCount "102"]
[EventDate "2006.06.03"]
[EventType "swiss"]
[EventRounds "9"]
[EventCountry "GER"]
[SourceTitle "EXT 2007"]
[Source "ChessBase"]
[SourceDate "2006.11.23"]
[SourceVersion "1"]
[SourceVersionDate "2006.11.23"]
[SourceQuality "1"]

1. e4 c6 2. d4 d5 3. Nc3 dxe4 4. Nxe4 Bf5 5. Ng3 Bg6 6. Nf3 Nd7 7. Bd3 Bxd3 8. Qxd3 Qc7 9. Be3 Ngf6 10. 0-0 e6 11. c4 Be7 12. Rac1 0-0 13. d5 cxd5 14. cxd5 Qd6 15. Rfd1 Qxd5 16. Qc3 Qb5 17. Nd4 Qa6 18. a3 Nd5 19. Qd2 Nxe3 20. Qxe3 Bc5 21. Qg5 h6 22. Qh5 Qb6 23. Nge2 Rac8 24. Rb1 Nf6 25. Qf3 Rfd8 26. Qf4 Rd5 27. Qh4 Rcd8 28. Qg3 Bxd4 29. Nxd4 Rxd4 30. Re1 Rd3 31. Qe5 Qb3 32. h3 Qd5 33. Qc7 Qd7 34. Qa5 b6 35. Qb4 Qd4 36. Qe7 Rd7 37. Qb4 Qxb4 38. axb4 Rb3 39. Re2 Rxb4 40. Ra1 a5 41. Ra2 Kf8 42. Rc2 Ke7 43. Rc6 Ne4 44. f3 Rd1+ 45. Kh2 Nc5 46. Rc7+ Rd7 47. Rc8 Nd3 48. Rc2 Rb5 49. Rd2 Nb4 50. Rxd7+ Kxd7 51. Ra1 Nd3 0-1

[Event "GER-ch U14 Girls"]
[Site "Willingen"]
[Date "2005.05.19"]
[Round "8"]
[White "Penne, Bo"]
[Black "Frey, Alisa"]
[Result "1/2-1/2"]
[WhiteElo "1459"]
[BlackElo "1495"]
[PlyCount "88"]
[EventDate "2005.05.14"]
[EventType "swiss"]
[EventRounds "9"]
[EventCountry "GER"]
[SourceTitle "CBM 106 Extra"]
[Source "ChessBase"]
[SourceDate "2005.07.01"]
[SourceVersion "1"]
[SourceVersionDate "2005.07.01"]
[SourceQuality "1"]

1. e4 e5 2. Nf3 Nc6 3. d4 exd4 4. Nxd4 Nf6 5. Nc3 Bb4 6. Bg5 h6 7. Nxc6 bxc6 8. Bxf6 Qxf6 9. Qd3 0-0 10. Be2 Ba6 11. Qf3 Qxf3 12. Bxf3 f5 13. 0-0-0 Bxc3 14. bxc3 fxe4 15. Bxe4 d5 16. Bf3 Rfe8 17. h3 Be2 18. Bxe2 Rxe2 19. Rd2 Rae8 20. Kd1 R2e4 21. Rd4 Kf7 22. Rf1 Kf6 23. Kd2 R8e6 24. a3 Ke7 25. Rxe4 Rxe4 26. Rb1 Kd7 27. Rb4 Rxb4 28. cxb4 c5 29. Kd3 cxb4 30. axb4 Kc6 31. c4 Kd6 32. Kd4 dxc4 33. Kxc4 a6 34. f4 c5 35. bxc5+ Kc6 36. g4 a5 37. h4 a4 38. f5 a3 39. Kb3 Kxc5 40. g5 hxg5 41. hxg5 Kd5 42. f6 gxf6 43. gxf6 Ke6 44. Kxa3 Kxf6 1/2-1/2

[Event "GER-ch U14 Girls"]
[Site "Willingen"]
[Date "2005.05.15"]
[Round "1"]
[White "Penne, Bo"]
[Black "Kickert, Germaine Helene"]
[Result "1/2-1/2"]
[WhiteElo "1459"]
[BlackElo "1920"]
[PlyCount "52"]
[EventDate "2005.05.14"]
[EventType "swiss"]
[EventRounds "9"]
[EventCountry "GER"]
[SourceTitle "CBM 106 Extra"]
[Source "ChessBase"]
[SourceDate "2005.07.01"]
[SourceVersion "1"]
[SourceVersionDate "2005.07.01"]
[SourceQuality "1"]

1. e4 c5 2. Nf3 Nc6 3. d4 cxd4 4. Nxd4 g6 5. Nc3 Bg7 6. Be3 Nf6 7. Be2 0-0 8. 0-0 d5 9. exd5 Nxd5 10. Nxc6 bxc6 11. Bd4 Nxc3 12. Bxc3 Bxc3 13. bxc3 Be6 14. Bf3 Bd5 15. Re1 Re8 16. c4 Bxf3 17. Qxf3 Qb6 18. Qc3 e6 19. Rab1 Qc7 20. Qf3 Red8 21. Red1 Rab8 22. Rxd8+ Rxd8 23. g3 Rd6 24. Qc3 Rd8 25. Qf6 Rd2 26. Qc3 Rd8 1/2-1/2